Statystyki dla Kości przedramienia

Kliknij tutaj aby rozwiązać quiz!

Ogólne statystyki

  • Ten quiz został rozwiązany 13 razy
  • Średni wynik to 11 z 25

Statystyki odpowiedzi

Odpowiedź% Poprawnych
kosc lokciowa
70%
kość promieniowa
70%
wciecie bloczkowe
60%
wyrostek dziobiasty
60%
brzeg międzykostny
50%
brzeg miedzykostny
50%
brzeg przedni
50%
brzeg przedni
50%
głowa
50%
guzowatość kości promieniowej
50%
wyrostek lokciowy
50%
brzeg tylny
40%
guzowatość kości łokciowej
40%
struna skośna
40%
szyjka
40%
wyrostek rylcowaty kosci lokciowej
40%
wyrostek rylcowaty kosci promieniowej
40%
wyrostek rylcowaty kości promieniowej
40%
powierzchnia przednia
30%
powierzchnia przednia
30%
wciecie promieniowe kosci lokciowej
30%
błona miedzykostna przedramienia
20%
guzek grzbietowy
20%
powierzchnia boczny
20%
powierzchnia tylna
20%

Rozkład punktacji

Percentyl według liczby udzielonych odpowiedzi

Procent ludzi z każdym wynikiem

Twoja historia wyników

Nie rozwiązałeś tego quizu